• 首页
  • 本馆介绍
  • 公告通知
  • 最新文献
  • 馆藏检索
  • 电子资源
  • 读者导购
  • 参考咨询
  • 我的图书馆
  • 登录
  • 详细信息显示
  • 放入我的书架
  • 预约/预借图书
  • 作者相关作品
  • 分类相关作品
  • 丛书相关作品
  • 出版社相关作品

书目信息

  • 表格格式
  • 工作单格式
  • 卡片格式
题名:
结构存在论
    
 
作者: 罗姆巴赫 著 ;王俊 译
分册:  
出版信息: 杭州   浙江大学出版社  2015
页数: 367页
开本: 23cm
丛书名: 当代外国人文学术译丛
单 册:
中图分类: B81-06
科图分类:
主题词: 现象学--xian xiang xue--研究
电子资源:
ISBN: 978-7-308-15134-4
000 01537nam0 22003011 450
001 387813
005 20170502165548.0
010    @a978-7-308-15134-4@dCNY55.00
100    @a20160115d2015 em y0chiy50 ea
101 1  @achi@cger
102    @aCN@b330000
105    @aa z 001yy
106    @ar
200 1  @a结构存在论@9jie gou cun zai lun@dStrukturontologie@e一门自由的现象学@eeine phanomenologie der freiheit@f(德)海因里希·罗姆巴赫著@g王俊译@zeng
210    @a杭州@c浙江大学出版社@d2015
215    @a367页@c图@d23cm
225 2  @a当代外国人文学术译丛@9dang dai wai guo ren wen xue shu yi cong@f庞学铨,范捷平主编
300    @a985工程三期跨文化研究“翻译馆”项目 国家社科基金青年项目“海因里希·罗姆巴赫的结构现象学研究”成果
330    @a本书从理论层面表述了罗姆巴赫的结构思想,如结构的构造状态、结构动力学、结构的发生等。他指出,在一切人类生活实践中都存在一种根源性的结构,这种结构的构造状态被视为普全的基本形式,而其向人类生活的分支领域扩展的基础在于现象学视域内存在论层面上的结构分析;多元的结构生成和关联提供了缘起生成的自由空间;同时,结构思想还体现出与东方思想特别是道家哲学的亲缘性。
461  0 @12001 @a当代外国人文学术译丛
510 1  @aStrukturontologie@eeine phanomenologie der freiheit@zger
517 1  @a一门自由的现象学@9yi men zi you de xian xiang xue
606 0  @a现象学@9xian xiang xue@x研究
690    @aB81-06@v5
701  0 @c(德)@a罗姆巴赫@9luo mu ba he@c(Rombach, Heinrich@f1923~2004)@4著
702  0 @a王俊@9wang juan@4译
801  0 @aCN@b百万庄@c20170308
905    @b1004140-5@dB81-06@e249@f6
    
    结构存在论=Strukturontologie:一门自由的现象学:eine phanomenologie der freiheit/(德)海因里希·罗姆巴赫著/王俊译.-杭州:浙江大学出版社,2015
    367页:图;23cm.-(当代外国人文学术译丛/庞学铨,范捷平主编)
    985工程三期跨文化研究“翻译馆”项目 国家社科基金青年项目“海因里希·罗姆巴赫的结构现象学研究”成果
    
    ISBN 978-7-308-15134-4:CNY55.00
    本书从理论层面表述了罗姆巴赫的结构思想,如结构的构造状态、结构动力学、结构的发生等。他指出,在一切人类生活实践中都存在一种根源性的结构,这种结构的构造状态被视为普全的基本形式,而其向人类生活的分支领域扩展的基础在于现象学视域内存在论层面上的结构分析;多元的结构生成和关联提供了缘起生成的自由空间;同时,结构思想还体现出与东方思想特别是道家哲学的亲缘性。
●
相关链接 在E读中查询图书 在五车中查询图书 在当当中查询图书 在豆瓣中查询图书


正题名:结构存在论     索取号:B81-06/249         预约/预借

序号 登录号 条形码 馆藏地/架位号 状态 备注
1 1004140   210041408   第一样本阅览室/ [索取号:B81-06/249] 在馆    
2 1004141   210041417   教育系资料室/ [索取号:B81-06/249] 在馆    
3 1004142   210041426   教育系资料室/ [索取号:B81-06/249] 在馆    
4 1004143   210041435   教育系资料室/ [索取号:B81-06/249] 在馆    
5 1004144   210041444   第一借阅区/ [索取号:B81-06/249] 在馆    
6 1004145   210041453   第一借阅区/ [索取号:B81-06/249] 在馆    
唐山师范学院图书馆 欢迎您!
大连网信软件有限公司© 版权所有